Loading...
| History - European | 0 | 8 | 0 | 0 | 80 | 40 | 56.50 | 4 | 7 | 36.40 | 61.06 |
| History - American | 0 | 6 | 0 | 1 | 60 | 19 | 59.67 | 2 | 3 | 25.91 | 35.61 |
| History - Other | 0 | 5 | 0 | 0 | 50 | 36 | 73.40 | 1 | 3 | 16.91 | 28.79 |
| History - World | 0 | 5 | 1 | 1 | 45 | 39 | 64.00 | 1 | 3 | 20.62 | 28.33 |
| Religion | 0 | 3 | 0 | 2 | 30 | 63 | 106.67 | 0 | 1 | 3.33 | 9.02 |
| Science - Other | 0 | 2 | 0 | 1 | 20 | 88 | 100.00 | 0 | 0 | 2.22 | 6.97 |
| Current Events | 0 | 2 | 1 | 0 | 15 | 32 | 41.50 | 1 | 2 | 34.23 | 45.45 |
| Social Science | 0 | 1 | 0 | 0 | 10 | 60 | 60.00 | 0 | 1 | 3.79 | 6.67 |
| Literature - American | 0 | 1 | 0 | 0 | 10 | 45 | 45.00 | 0 | 0 | 5.82 | 4.55 |
| Mythology | 0 | 1 | 0 | 0 | 10 | 46 | 46.00 | 0 | 1 | 5.45 | 7.50 |
| Popular Culture | 0 | 1 | 0 | 0 | 10 | 36 | 36.00 | 0 | 1 | 24.24 | 30.00 |
| Science - Physics | 0 | 1 | 0 | 1 | 10 | 113 | 113.00 | 0 | 1 | 0.00 | 4.55 |